000 00775cam a2200301 i 4500
001 768714001
003 CO-MdFUSB
005 20250528095634.0
007 ta
008 250527t1978 -us||||| |||| 00| 0 eng d
020 _a0-8499-2824-9
040 _cCO-MdFUSB
041 0 _aeng
082 0 4 _223
_a248.4
_bW286y
100 1 _aWarr, Gene
_eautor
245 1 0 _aYou can make disciples
_c/ Gene Warr
264 1 _bWord Books, Publisher
_aWaco, TX., USA :
_c[1978]
264 4 _c©1978
300 _a139 páginas
336 _atexto
_btxt
_2rdacontent
337 _2rdamedia
_asin mediación
_bn
338 _2rdacarrier
_avolumen
_bnc
563 _aRústico
650 0 _aVida cristiana
_919
942 _cBK
945 _aMiguel Gómez
999 _c35994
_d35994